| 000 | 00892nam0a22002531 4500 | ||
|---|---|---|---|
| 001 | rc\386803 | ||
| 005 | 20260406131134.0 | ||
| 010 |
_a5-289-00815-2 _91100000 |
||
| 035 | _a(NLR Aleph) 005636916 | ||
| 090 |
_a6627294 _c6627294 |
||
| 100 | _a20030616d1989 |||y0rusy50 ca | ||
| 101 | 0 | _arus | |
| 102 | _aRU | ||
| 105 | _aa ||||||||| | ||
| 200 | 1 |
_aДоктор Айболит _e[По мотивам Хью Лофтинга _eДля дошк. возраста] _fКорней Чуковский _gРис. Е. Сафоновой |
|
| 210 |
_aЛ. _cЛениздат _d1989 |
||
| 215 |
_a78, [2] с. _cил. _d28 |
||
| 700 | 1 |
_7ca _8rus _aЧуковский _bК. И. _f1882-1969 _gКорней Иванович _9111544 _3RU\NLR\AUTH\771522 |
|
| 702 | 1 |
_aЛофтинг _bГ. _gГью _4570 |
|
| 801 | 0 |
_aRU _bNLR _gpsbo |
|
| 801 | 1 |
_aRU _bELAR _2rusmarc |
|
| 852 |
_aNLR _j89-7/748 |
||
| 942 | _cBOOK | ||
| 980 | _aNB | ||